000 00594cam a2200205 4500
001 4615792
005 20180111083136.0
008 730207s1972 nyua b 101 0 eng
010 _a 77182822
040 _aDLC
_cDLC
_dDLC
041 _aeng
080 _a616.079 WIL
082 0 0 _a616.079 WIL
100 _a3
101 _aSHM
245 1 0 _aPhagocytic mechanisms in health and disease.
_cEdited by Ralph C. Williams, Jr. [and] H. Hugh Fudenberg.
504 _aIncludes bibliographical references.
906 _a7
_bcbc
_corignew
_d2
_encip
_f19
_gy-gencatlg
942 _2ddc
_cBK
999 _c40135
_d40135